00284nam a2200097Ia 4500008004100000100002100041245005200062245002200114260000900136856004100145160531s9999 xx 000 0 und d aSantoro, Bianca. aIntroduction to Evolution Equations in Geometry cby Bianca Santoro c2012 uhttp://arxiv.org/pdf/1205.1039v1.pdf